[Event "Wuerttemberg-ch KT"]
[Site "Tuebingen"]
[Date "2007.09.01"]
[Round "8"]
[White "Deffner, Manfred"]
[Black "Hedler, Thomas"]
[Result "1-0"]
[WhiteElo "1847"]
[BlackElo "2019"]
[PlyCount "63"]
[EventDate "2007.08.25"]
[EventType "swiss"]
[EventRounds "9"]
[EventCountry "GER"]
[SourceTitle "CBM 120 Extra"]
[Source "ChessBase"]
[SourceDate "2007.11.01"]
[SourceVersion "1"]
[SourceVersionDate "2007.11.01"]
[SourceQuality "1"]

1. d4 f5 2. e4 fxe4 3. Nc3 Nf6 4. Bg5 g6 5. f3 exf3 6. Nxf3 d5 7. Bd3 Bg4 8. h3 Bxf3 9. Qxf3 c6 10. 0-0-0 Bg7 11. h4 0-0 12. Qe2 Nbd7 13. h5 gxh5 14. Qe6+ Kh8 15. g4 Qe8 16. gxh5 Qf7 17. Qh3 Ne4 18. Bxe4 dxe4 19. Qxd7 h6 20. Be3 b5 21. Rhf1 Qxh5 22. Rxf8+ Rxf8 23. Qxe7 Re8 24. Qd7 b4 25. Rg1 Rg8 26. Nd1 Qa5 27. Kb1 Qh5 28. Qxc6 Qf3 29. Qg6 h5 30. Bh6 Qf6 31. Bxg7+ Rxg7 32. Qxf6 1-0

[Event "Wuerttemberg-ch KT"]
[Site "Tuebingen"]
[Date "2007.08.26"]
[Round "2"]
[White "Deffner, Manfred"]
[Black "Werner, Bernd Michael"]
[Result "0-1"]
[WhiteElo "1847"]
[BlackElo "2096"]
[PlyCount "111"]
[EventDate "2007.08.25"]
[EventType "swiss"]
[EventRounds "9"]
[EventCountry "GER"]
[SourceTitle "CBM 120 Extra"]
[Source "ChessBase"]
[SourceDate "2007.11.01"]
[SourceVersion "1"]
[SourceVersionDate "2007.11.01"]
[SourceQuality "1"]

1. d4 Nf6 2. c4 g6 3. Nc3 Bg7 4. e4 d6 5. f3 0-0 6. Be3 c5 7. Nge2 Nc6 8. Qd2 a6 9. Rd1 b6 10. Nd5 Bb7 11. Nxf6+ Bxf6 12. d5 Ne5 13. Nc3 Bh4+ 14. Bf2 Bxf2+ 15. Qxf2 f5 16. Be2 Bc8 17. 0-0 Bd7 18. exf5 Bxf5 19. Qe3 Rf7 20. f4 Ng4 21. Bxg4 Bxg4 22. Rde1 Qf8 23. Rf2 Qg7 24. h3 Bd7 25. Qd2 Raf8 26. Kh2 g5 27. Ref1 g4 28. Qe3 Bf5 29. h4 g3+ 30. Qxg3 Qxg3+ 31. Kxg3 Bd3 32. Re1 Bxc4 33. Rd1 Rf5 34. b3 Bb5 35. Nxb5 axb5 36. Kg4 b4 37. g3 h5+ 38. Kf3 b5 39. Re2 R5f7 40. Re4 Ra8 41. Rd2 Rc8 42. g4 hxg4+ 43. Kxg4 Rg7+ 44. Kf3 Rh7 45. f5 Kf7 46. Rg2 Ra8 47. Reg4 Ra3 48. Rb2 Ra8 49. Rh2 Rah8 50. Kg3 Rh5 51. Rf2 R8h6 52. Re4 Rh7 53. Kg4 Rxh4+ 54. Kf3 Rxe4 55. Kxe4 Rh4+ 56. Kd3 0-1

[Event "Wuerttemberg-ch KT"]
[Site "Tuebingen"]
[Date "2007.08.25"]
[Round "1"]
[White "Siegle, Florian"]
[Black "Deffner, Manfred"]
[Result "0-1"]
[WhiteElo "2037"]
[BlackElo "1847"]
[PlyCount "74"]
[EventDate "2007.08.25"]
[EventType "swiss"]
[EventRounds "9"]
[EventCountry "GER"]
[SourceTitle "CBM 120 Extra"]
[Source "ChessBase"]
[SourceDate "2007.11.01"]
[SourceVersion "1"]
[SourceVersionDate "2007.11.01"]
[SourceQuality "1"]

1. e4 e6 2. b3 d5 3. exd5 exd5 4. Bb2 Nf6 5. Nf3 Bd6 6. Qe2+ Be6 7. Qb5+ Bd7 8. Qxb7 Nc6 9. Bb5 Rb8 10. Qa6 Nb4 11. Bxd7+ Kxd7 12. Qa4+ Kc8 13. Kd1 Ne4 14. Rf1 Rb6 15. Bd4 Ra6 16. Qb5 c6 17. Qe2 Re8 18. Be3 Kb8 19. a4 Nc5 20. c3 Nbd3 21. Kc2 Nf4 22. Qd1 Nxg2 23. Bd4 g6 24. Rg1 Nf4 25. Rg4 Ncd3 26. b4 Qd7 27. Rg1 Qf5 28. Nh4 Qe4 29. Kb3 Ne2 30. Rg3 Bxg3 31. hxg3 Nxd4+ 32. cxd4 Qxd4 33. Nc3 Qxb4+ 34. Kc2 Ne1+ 35. Qxe1 Rxe1 36. Rxe1 Kc7 37. Re7+ Qxe7 0-1